Principales Periódicos de España - Estadísticas

Estadísticas generales
  • Esta prueba ha sido intentada 207 veces
  • La puntuación promedio es 9 de 18
Estadísticas de respuestas
Respuesta % Correcto
El Mundo
91%
El País
90%
Abc
78%
Marca
76%
As
64%
La Vanguardia
60%
La Razón
58%
Mundo Deportivo
50%
Sport
46%
El Periódico
42%
OKdiario
40%
elDiario.es
39%
El Español
34%
20 Minutos
32%
El Confidencial
32%
El Correo
31%
Público
23%
The Huffington Post
8%
No se encontraron pruebas coincidentes
Distribución de puntuación
Porcentaje de gente con cada puntuación
Porcentaje por número respondido
Historial de tus puntuaciones
No has intentado esta prueba.